| 000 | 00373nam a2200169Ia 4500 | ||
|---|---|---|---|
| 003 | 0STCL | ||
| 008 | 150530s9999 xx 000 0 und d | ||
| 040 |
_aSTCL _cSTCL |
||
| 100 | _aMaithilisaran Gupta | ||
| 245 | _aNahush | ||
| 260 |
_bSahithya Sadhan; Jhansi _c1920 |
||
| 300 | _a0 | ||
| 546 | _aHindi | ||
| 942 |
_2ddc _cBK |
||
| 999 |
_c62411 _d62411 |
||
| 005 | 20220125171208.0 | ||